[Event "Negombo op 3rd"]
[Site "Negambo"]
[Date "2017.08.22"]
[Round "6"]
[White "Cooray, TCM Dulein Kavindu"]
[Black "Dewanthi, AH Chamika"]
[Result "1/2-1/2"]
[WhiteElo "1223"]
[BlackElo "1511"]
[PlyCount "78"]
[EventDate "2017.08.20"]
[EventType "swiss"]
[EventRounds "10"]
[EventCountry "SRI"]
[SourceTitle "CBM 180 Extra"]
[Source "ChessBase"]
[SourceDate "2017.10.06"]
[SourceVersion "1"]
[SourceVersionDate "2017.10.06"]
[SourceQuality "1"]

1. e4 e5 2. Nf3 Nc6 3. Bc4 Bc5 4. c3 Nf6 5. d3 h6 6. h3 d6 7. Bb3 Be6 8. Bc2 0-0 9. Nbd2 d5 10. Qe2 d4 11. Nf1 a5 12. g4 Nh7 13. Ng3 b5 14. Nf5 b4 15. c4 f6 16. N3h4 Ne7 17. Nxe7+ Bxe7 18. Nf5 c5 19. h4 Bxf5 20. gxf5 Kh8 21. Rg1 Rg8 22. Qg4 Qe8 23. Bd2 Bd6 24. Ke2 Qf7 25. Ba4 Rac8 26. Rg2 Rc7 27. Rag1 Rb8 28. b3 Rd8 29. f4 Rb8 30. fxe5 Bxe5 31. Bf4 Rd8 32. Bxe5 fxe5 33. Qg6 Qxg6 34. Rxg6 Nf6 35. Kf3 Kh7 36. R6g3 Rf8 37. Bb5 Rff7 38. Ba4 Rfe7 39. Bb5 Rf7 1/2-1/2